Statistiques concernant Joueurs de foot avec la plus grande valeur marchande. 18/04/2022

Cliquez ici pour prendre le quiz!

Statistiques générales

  • Ce quiz a été pris 254 fois
  • Le résultat moyen est 3 sur 10

Statistiques - réponses

valeur marchande en millions d'eurosjoueur% Correct
150-200Vinicius
84%
120-150Phil Foden
57%
120-150Pedri
50%
120-150jude Bellingham
44%
90-120Jadon Sancho
22%
90-120Bukayo Saka
21%
120-150Ruben Dias
16%
120-150Bruno Fernandes
9%
90-120Florian Wirtz
9%
90-120Frenkie De Jong
9%

Distribution des résultats

Percentile par nombre de réponses

% des personnes avec chaque résultat

Votre développement - résultats

Vous n’avez pas pris ce quiz